<?xml version="1.0" encoding="UTF-8"?>
<record
    xmlns:xsi="http://www.w3.org/2001/XMLSchema-instance"
    xsi:schemaLocation="http://www.loc.gov/MARC21/slim http://www.loc.gov/standards/marcxml/schema/MARC21slim.xsd"
    xmlns="http://www.loc.gov/MARC21/slim">

  <leader>02556nam a22002657a 4500</leader>
  <controlfield tag="003">Uzh_bibl</controlfield>
  <controlfield tag="008">260421b        |||||||| |||| 00| 0 ukr d</controlfield>
  <datafield tag="020" ind1=" " ind2=" ">
    <subfield code="a">978-966-10-2341-1</subfield>
    <subfield code="c">186.75</subfield>
  </datafield>
  <datafield tag="040" ind1=" " ind2=" ">
    <subfield code="b">&#x443;&#x43A;&#x440;.</subfield>
  </datafield>
  <datafield tag="041" ind1=" " ind2=" ">
    <subfield code="2">rus</subfield>
    <subfield code="a">ukr</subfield>
  </datafield>
  <datafield tag="080" ind1=" " ind2=" ">
    <subfield code="a">512</subfield>
  </datafield>
  <datafield tag="090" ind1=" " ind2=" ">
    <subfield code="a">512</subfield>
    <subfield code="b">&#x41F; 27</subfield>
  </datafield>
  <datafield tag="100" ind1=" " ind2=" ">
    <subfield code="a">&#x41F;&#x435;&#x440;&#x435;&#x43B;&#x44C;&#x43C;&#x430;&#x43D;, &#x42F;&#x43A;&#x456;&#x432;</subfield>
  </datafield>
  <datafield tag="245" ind1=" " ind2=" ">
    <subfield code="a">&#x417;&#x430;&#x445;&#x43E;&#x43F;&#x43B;&#x44E;&#x44E;&#x447;&#x430; &#x430;&#x43B;&#x433;&#x435;&#x431;&#x440;&#x430;.</subfield>
    <subfield code="c">&#x41F;&#x435;&#x440;. &#x437; &#x440;&#x43E;&#x441;. &#x437;&#x430; &#x440;&#x435;&#x434;. &#x412;.&#x41E;. &#x422;&#x430;&#x434;&#x435;&#x454;&#x432;&#x430;</subfield>
    <subfield code="h">&#x422;&#x435;&#x43A;&#x441;&#x442;</subfield>
  </datafield>
  <datafield tag="260" ind1=" " ind2=" ">
    <subfield code="a">&#x422;&#x435;&#x440;&#x43D;&#x43E;&#x43F;&#x456;&#x43B;&#x44C;</subfield>
    <subfield code="b">&#x41D;&#x430;&#x432;&#x447;&#x430;&#x43B;&#x44C;&#x43D;&#x430; &#x43A;&#x43D;&#x438;&#x433;&#x430;-&#x411;&#x43E;&#x433;&#x434;&#x430;&#x43D;</subfield>
    <subfield code="c">2019</subfield>
  </datafield>
  <datafield tag="300" ind1=" " ind2=" ">
    <subfield code="a">336 &#x441;.</subfield>
    <subfield code="b">&#x406;&#x43B;.</subfield>
    <subfield code="f">&#x412; &#x43E;&#x43F;&#x440;.</subfield>
  </datafield>
  <datafield tag="490" ind1=" " ind2=" ">
    <subfield code="a">&#x41A;&#x43B;&#x430;&#x441;&#x438;&#x43A;&#x438; &#x43F;&#x43E;&#x43F;&#x443;&#x43B;&#x44F;&#x440;&#x438;&#x437;&#x430;&#x446;&#x456;&#x457; &#x43D;&#x430;&#x443;&#x43A;&#x438;</subfield>
  </datafield>
  <datafield tag="520" ind1=" " ind2=" ">
    <subfield code="a">&#xAB;&#x417;&#x430;&#x445;&#x43E;&#x43F;&#x43B;&#x44E;&#x44E;&#x447;&#x430; &#x430;&#x43B;&#x433;&#x435;&#x431;&#x440;&#x430;&#xBB; &#x42F;. &#x406;. &#x41F;&#x435;&#x440;&#x435;&#x43B;&#x44C;&#x43C;&#x430;&#x43D;&#x430; &#x2014; &#x43E;&#x434;&#x43D;&#x430; &#x437; &#x43D;&#x430;&#x439;&#x437;&#x430;&#x445;&#x43E;&#x43F;&#x43B;&#x438;&#x432;&#x456;&#x448;&#x438;&#x445; &#x43A;&#x43D;&#x438;&#x436;&#x43E;&#x43A; &#x43F;&#x440;&#x43E; &#x430;&#x43B;&#x433;&#x435;&#x431;&#x440;&#x443;. &#x423; &#x43D;&#x456;&#x439; &#x446;&#x44F; &#x43D;&#x430;&#x443;&#x43A;&#x430; &#x43D;&#x456;&#x431;&#x438; &#x432;&#x456;&#x434;&#x43E;&#x43A;&#x440;&#x435;&#x43C;&#x43B;&#x44E;&#x454;&#x442;&#x44C;&#x441;&#x44F; &#x432;&#x456;&#x434; &#x43A;&#x43B;&#x430;&#x441;&#x43D;&#x43E;&#x457; &#x434;&#x43E;&#x448;&#x43A;&#x438;, &#x437; &#x44F;&#x43A;&#x43E;&#x44E; &#x432;&#x43E;&#x43D;&#x430; &#x442;&#x456;&#x441;&#x43D;&#x43E; &#xAB;&#x437;&#x440;&#x43E;&#x441;&#x43B;&#x430;&#x441;&#x44F;&#xBB; &#x443; &#x441;&#x432;&#x456;&#x434;&#x43E;&#x43C;&#x43E;&#x441;&#x442;&#x456; &#x431;&#x456;&#x43B;&#x44C;&#x448;&#x43E;&#x441;&#x442;&#x456; &#x447;&#x438;&#x442;&#x430;&#x447;&#x456;&#x432;, &#x456; &#x43F;&#x435;&#x440;&#x435;&#x43D;&#x43E;&#x441;&#x438;&#x442;&#x44C;&#x441;&#x44F; &#x443; &#x432;&#x456;&#x43B;&#x44C;&#x43D;&#x438;&#x439; &#x43F;&#x440;&#x43E;&#x441;&#x442;&#x456;&#x440;, &#x434;&#x435; &#x437;&#x43D;&#x430;&#x445;&#x43E;&#x434;&#x438;&#x442;&#x44C; &#x43D;&#x430;&#x439;&#x440;&#x456;&#x437;&#x43D;&#x43E;&#x43C;&#x430;&#x43D;&#x456;&#x442;&#x43D;&#x456;&#x448;&#x456; &#x437;&#x430;&#x441;&#x442;&#x43E;&#x441;&#x443;&#x432;&#x430;&#x43D;&#x43D;&#x44F;. &#x41E;&#x441;&#x43D;&#x43E;&#x432;&#x43D;&#x435; &#x441;&#x432;&#x43E;&#x454; &#x437;&#x430;&#x432;&#x434;&#x430;&#x43D;&#x43D;&#x44F; &#x430;&#x432;&#x442;&#x43E;&#x440; &#x432;&#x431;&#x430;&#x447;&#x430;&#x454; &#x443; &#x442;&#x43E;&#x43C;&#x443;, &#x430;&#x431;&#x438; &#x43F;&#x440;&#x438;&#x449;&#x435;&#x43F;&#x438;&#x442;&#x438; &#x447;&#x438;&#x442;&#x430;&#x447;&#x435;&#x432;&#x456; &#x456;&#x43D;&#x442;&#x435;&#x440;&#x435;&#x441; &#x434;&#x43E; &#x437;&#x430;&#x43D;&#x44F;&#x442;&#x44C; &#x430;&#x43B;&#x433;&#x435;&#x431;&#x440;&#x43E;&#x44E; &#x442;&#x430; &#x432;&#x438;&#x43A;&#x43B;&#x438;&#x43A;&#x430;&#x442;&#x438; &#x443; &#x43D;&#x44C;&#x43E;&#x433;&#x43E; &#x431;&#x430;&#x436;&#x430;&#x43D;&#x43D;&#x44F; &#x441;&#x430;&#x43C;&#x43E;&#x441;&#x442;&#x456;&#x439;&#x43D;&#x43E; &#x443;&#x441;&#x443;&#x43D;&#x443;&#x442;&#x438; &#x43F;&#x440;&#x43E;&#x433;&#x430;&#x43B;&#x438;&#x43D;&#x438; &#x441;&#x432;&#x43E;&#x454;&#x457; &#x43C;&#x430;&#x442;&#x435;&#x43C;&#x430;&#x442;&#x438;&#x447;&#x43D;&#x43E;&#x457; &#x43F;&#x456;&#x434;&#x433;&#x43E;&#x442;&#x43E;&#x432;&#x43A;&#x438;. &#x41F;&#x440;&#x43E;&#x447;&#x438;&#x442;&#x430;&#x432;&#x448;&#x438; &#x43A;&#x43D;&#x438;&#x433;&#x443;, &#x447;&#x438;&#x442;&#x430;&#x447; &#x437;&#x43D;&#x430;&#x442;&#x438;&#x43C;&#x435; &#x43D;&#x435;&#x437;&#x43C;&#x456;&#x440;&#x43D;&#x43E; &#x431;&#x456;&#x43B;&#x44C;&#x448;&#x435; &#x43F;&#x440;&#x43E; &#x43E;&#x441;&#x43D;&#x43E;&#x432;&#x43D;&#x456; &#x456;&#x434;&#x435;&#x457; &#x430;&#x43B;&#x433;&#x435;&#x431;&#x440;&#x438; &#x442;&#x430; &#x43F;&#x440;&#x43E; &#x457;&#x457; &#x437;&#x430;&#x441;&#x442;&#x43E;&#x441;&#x443;&#x432;&#x430;&#x43D;&#x43D;&#x44F;, &#x43D;&#x456;&#x436; &#x43F;&#x440;&#x43E; &#x446;&#x435; &#x43C;&#x43E;&#x436;&#x43D;&#x430; &#x434;&#x43E;&#x432;&#x456;&#x434;&#x430;&#x442;&#x438;&#x441;&#x44F; &#x437; &#x434;&#x435;&#x441;&#x44F;&#x442;&#x43A;&#x456;&#x432; &#xAB;&#x448;&#x43A;&#x456;&#x43B;&#x44C;&#x43D;&#x438;&#x445;&#xBB; &#x43F;&#x456;&#x434;&#x440;&#x443;&#x447;&#x43D;&#x438;&#x43A;&#x456;&#x432; &#x442;&#x430; &#x43F;&#x43E;&#x441;&#x456;&#x431;&#x43D;&#x438;&#x43A;&#x456;&#x432;. &#x41A;&#x43D;&#x438;&#x433;&#x430; &#x43F;&#x435;&#x440;&#x435;&#x43A;&#x43B;&#x430;&#x434;&#x435;&#x43D;&#x430; &#x431;&#x430;&#x433;&#x430;&#x442;&#x44C;&#x43C;&#x430; &#x43C;&#x43E;&#x432;&#x430;&#x43C;&#x438; &#x441;&#x432;&#x456;&#x442;&#x443;. &#x41F;&#x43E;&#x432;&#x43D;&#x438;&#x439; &#x43F;&#x435;&#x440;&#x435;&#x43A;&#x43B;&#x430;&#x434; &#x443;&#x43A;&#x440;&#x430;&#x457;&#x43D;&#x441;&#x44C;&#x43A;&#x43E;&#x44E; &#x43C;&#x43E;&#x432;&#x43E;&#x44E; &#x432;&#x438;&#x445;&#x43E;&#x434;&#x438;&#x442;&#x44C; &#x443;&#x43F;&#x435;&#x440;&#x448;&#x435;. &#x41A;&#x43D;&#x438;&#x433;&#x430; &#x437;&#x430;&#x446;&#x456;&#x43A;&#x430;&#x432;&#x438;&#x442;&#x44C; &#x443;&#x441;&#x456;&#x445;, &#x445;&#x442;&#x43E; &#x445;&#x43E;&#x447;&#x435; &#x43C;&#x430;&#x442;&#x438; &#x43F;&#x440;&#x430;&#x432;&#x434;&#x438;&#x432;&#x435; &#x443;&#x44F;&#x432;&#x43B;&#x435;&#x43D;&#x43D;&#x44F; &#x43F;&#x440;&#x43E; &#x43C;&#x430;&#x442;&#x435;&#x43C;&#x430;&#x442;&#x438;&#x43A;&#x443;, &#x437;&#x43E;&#x43A;&#x440;&#x435;&#x43C;&#x430;, &#x2014; &#x43F;&#x435;&#x440;&#x435;&#x43A;&#x43E;&#x43D;&#x43B;&#x438;&#x432;&#x456; &#x441;&#x432;&#x456;&#x434;&#x447;&#x435;&#x43D;&#x43D;&#x44F; &#x43F;&#x440;&#x43E; &#x43C;&#x43E;&#x436;&#x43B;&#x438;&#x432;&#x43E;&#x441;&#x442;&#x456; &#x457;&#x457; &#x43F;&#x440;&#x430;&#x43A;&#x442;&#x438;&#x447;&#x43D;&#x43E;&#x433;&#x43E; &#x437;&#x430;&#x441;&#x442;&#x43E;&#x441;&#x443;&#x432;&#x430;&#x43D;&#x43D;&#x44F;.</subfield>
  </datafield>
  <datafield tag="521" ind1=" " ind2=" ">
    <subfield code="a">&#x414;&#x43B;&#x44F; &#x448;&#x438;&#x440;&#x43E;&#x43A;&#x43E;&#x433;&#x43E; &#x43A;&#x43E;&#x43B;&#x430; &#x447;&#x438;&#x442;&#x430;&#x447;&#x456;&#x432;</subfield>
  </datafield>
  <datafield tag="546" ind1=" " ind2=" ">
    <subfield code="a">&#x443;&#x43A;&#x440;.</subfield>
  </datafield>
  <datafield tag="650" ind1=" " ind2=" ">
    <subfield code="a">&#x41D;&#x430;&#x432;&#x447;&#x430;&#x43B;&#x44C;&#x43D;&#x435; &#x432;&#x438;&#x434;&#x430;&#x43D;&#x43D;&#x44F;</subfield>
  </datafield>
  <datafield tag="653" ind1=" " ind2=" ">
    <subfield code="a">&#x41C;&#x43E;&#x432;&#x430; &#x430;&#x43B;&#x433;&#x435;&#x431;&#x440;&#x438;.</subfield>
    <subfield code="a">&#x420;&#x456;&#x432;&#x43D;&#x44F;&#x43D;&#x43D;&#x44F;.</subfield>
    <subfield code="a">&#x41F;&#x440;&#x43E;&#x433;&#x440;&#x435;&#x441;&#x456;&#x457;.</subfield>
  </datafield>
  <datafield tag="655" ind1=" " ind2=" ">
    <subfield code="a">&#x41C;&#x430;&#x442;&#x435;&#x43C;&#x430;&#x442;&#x438;&#x43A;&#x430;</subfield>
    <subfield code="v">&#x41F;&#x43E;&#x441;&#x456;&#x431;&#x43D;&#x438;&#x43A;</subfield>
  </datafield>
  <datafield tag="942" ind1=" " ind2=" ">
    <subfield code="2">udc</subfield>
    <subfield code="c">BK</subfield>
  </datafield>
  <datafield tag="999" ind1=" " ind2=" ">
    <subfield code="c">17421</subfield>
    <subfield code="d">17421</subfield>
  </datafield>
  <datafield tag="952" ind1=" " ind2=" ">
    <subfield code="0">0</subfield>
    <subfield code="1">0</subfield>
    <subfield code="2">udc</subfield>
    <subfield code="4">0</subfield>
    <subfield code="7">0</subfield>
    <subfield code="a">MBdD</subfield>
    <subfield code="b">MBdD</subfield>
    <subfield code="c">CHP</subfield>
    <subfield code="d">2026-04-21</subfield>
    <subfield code="i">72403</subfield>
    <subfield code="l">0</subfield>
    <subfield code="o">512</subfield>
    <subfield code="p">16610</subfield>
    <subfield code="r">2026-04-21</subfield>
    <subfield code="w">2026-04-21</subfield>
    <subfield code="y">BK</subfield>
  </datafield>
</record>
